| 000 | 00746nam a22001937a 4500 | ||
|---|---|---|---|
| 005 | 20250612122245.0 | ||
| 010 | _aHIN-129827 | ||
| 020 | _c485.00 | ||
| 035 | _aHN-102173 | ||
| 037 | _bDBAD | ||
| 082 | _aक | ||
| 100 |
_aरजदास _981938 |
||
| 245 |
_aआद्यांत कथा / _cरजदास |
||
| 250 | _aप्रथम | ||
| 260 |
_aमध्य प्रदेश , _bसर्वधर्म समन्वय प्रकाशन , _c2020 |
||
| 270 |
_aकांग्रेस भवन , स्टेट बैंक के पास सीधी , _bमध्य प्रदेश _e486661 |
||
| 300 |
_a264पृ. _c23.5सेमी ( अजिल्द ) |
||
| 942 |
_2ddc _cHN _hक _kरजदा |
||
| 999 |
_c211755 _d211755 |
||